ALL Television Series Produced by Hannah-Barbera - Statistics

General Stats
  • This quiz has been taken 209 times
  • The average score is 78 of 259
Answer Stats
Year(s) Show % Correct
1976-1977 Segment of The Scooby-Doo/Dynomutt Hour The Scooby-Doo Show
91%
1977-1979 Segment of Scooby's All-Star Laff-A-Lympics The Scooby-Doo Show
91%
1988-1991 Independent show A Pup Named Scooby-Doo
90%
1984-1985 Independent show Scary Scooby Funnies
90%
1979-1980 Independent show Scooby-Doo and Scrappy-Doo
90%
1980-1982 Segment of The Richie Rich/Scooby-Doo Show Scooby-Doo and Scrappy-Doo
90%
1982-1983 Segment of The Scooby & Scrappy-Doo/Puppy Hour Scooby-Doo and Scrappy-Doo
90%
1969-1970; 1978 Independent show Scooby-Doo, Where Are You!
90%
1977-1979 Segment of Scooby's All-Star Laff-A-Lympics Scooby-Doo, Where Are You!
90%
1985-1986 Independent show Scooby's Mystery Funhouse
90%
1985 Independent show The 13 Ghosts of Scooby-Doo
90%
1983-1985 Independent show The New Scooby and Scrappy-Doo Show
90%
1972-1974 Independent show The New Scooby-Doo Movies
90%
1980-1982 Independent show The Flintstone Comedy Show
88%
1982-1984 Independent show The Flintstone Funnies
88%
1986-1988 Independent show The Flintstone Kids
88%
1958-1961 Segment of The Huckleberry Hound Show Huckleberry Hound
85%
1968-1969 Independent show The New Adventures of Huckleberry Finn
85%
1988 Independent show The New Yogi Bear Show
85%
1958-1960 Segment of The Huckleberry Hound Show Yogi Bear
85%
1961-1962 Segment of The Yogi Bear Show Yogi Bear
85%
1973 Independent show Yogi's Gang
85%
1978-1979 Segment of Yogi's Space Race Yogi's Space Race
85%
1985-1988 Independent show Yogi's Treasure Hunt
85%
1962-1963; 1985-1975 Independent show The Jetsons
80%
1968-1970 Independent show Wacky Races
68%
1975 Segment of The New Tom & Jerry/Grape Ape/Mumbly Show The Tom & Jerry Show
67%
1990-1994 Segment of Tom & Jerry Kids Tom & Jerry Kids
64%
1959-1961 Segment of The Quick Draw McGraw Show Quick Draw McGraw
62%
1961-1962 Segment of The Yogi Bear Show Snagglepuss
62%
1970-1971 Independent show Josie and the Pussycats
61%
1972 Independent show Josie and the Pussycats in Outer Space
61%
1961-1962 Independent show Top Cat
60%
1965-1968 Segment of The Atom Ant/Secret Squirrel Show Atom Ant
59%
1964-1965 Independent show Jonny Quest
58%
1996-1997 Independent show The Real Adventures of Jonny Quest
58%
1963-1967 Segment of The Magilla Gorilla Show Magilla Gorilla
56%
1965-1968 Segment of The Atom Ant/Secret Squirrel Show Secret Squirrel
56%
1976-1978 Independent show Jabberjaw
55%
1993-1995 Segment of 2 Stupid Dogs Super Secret Secret Squirrel
54%
1977-1979 Segment of Scooby's All-Star Laff-A-Lympics The Blue Falcon and Dynomutt
54%
1966-1968 Segment of Space Ghost and Dino Boy Space Ghost
53%
1981-1982 Segment of Space Stars Space Ghost
53%
1977-1979 Segment of Scooby's All-Star Laff-A-Lympics Captain Caveman and the Teen Angels
50%
1976-1978 Segment of The Scooby-Doo/Dynomutt Hour Dynomutt, Dog Wonder
48%
1981-1989 Independent show The Smurfs
47%
1974 Independent show Hong Kong Phooey
44%
1997-2002 Independent show Johnny Bravo
44%
1980-1982 Segment of The Richie Rich/Scooby-Doo Show Richie Rich
44%
1982-1983 Segment of The Pac-Man/Little Rascals/Richie Rich Show Richie Rich
44%
1983-1984 Segment of The Monchhichis/Little Rascals/Richie Rich Show Richie Rich
44%
1979-1982 Independent show Amigo and Friends
43%
1982-1983 Segment of The Pac-Man/Little Rascals/Richie Rich Show Pac-Man
43%
1983-1984 Segment of The Pac-Man/Rubik, the Amazing Cube Hour Pac-Man
43%
1972-1973 Independent show The Flintstone Comedy Hour
43%
1969-1971 Independent show The Perils of Penelope Pitstop
43%
1962-1963 Segment of The Hanna-Barbera New Carton Series Wally Gator
43%
1997-1999 Independent show Dexter's Laboratory
42%
1960-1966 Independent show The Flintstones
42%
1969-1971 Segment of Dastardly and Muttley in Their Flying Machines Dastardly and Muttley in Their Flying Machines
40%
1959-1961 Segment of The Quick Draw McGraw Show Augie Doggie and Doggie Daddy
39%
1967-1969 Segment of Birdman and the Galaxy Trio Birdman
39%
1973 Independent show Speed Buggy
39%
1998-2002 Independent show The Powerpuff Girls
39%
1978 Independent show Challenge of the Super Friends
38%
1958-1961 Segment of The Huckleberry Hound Show Pixie and Dixie and Mr. Jinks
38%
1984-1985 Independent show Super Friends: The Legendary Super Powers Show
38%
1977-1978 Independent show The All-New Super Friends Hour
38%
1968-1970 Live-action, segment of The Banana Splits Adventure Hour The Banana Splits
38%
1957-1960 Independent show The Ruff and Reddy Show
38%
1979-1980 Independent show The World's Greatest Super Friends
38%
1973-1974 Independent show Super Friends
37%
1980-1982 Independent show Super Friends
37%
1961-1962 Segment of The Yogi Bear Show Yakky Doodle
37%
1997-1999 Independent show Cow and Chicken
36%
1964-1966 Segment of The Peter Potamus Show Peter Potamus
35%
1984-1989 Independent show Snorks
35%
1966-1968 Segment of Space Ghost and Dino Boy Dino Boy in the Lost Valley
34%
1966-1968 Independent show Frankenstein Jr. and The Impossibles
34%
1969-1971 Segment of Cattanooga Cats It's the Wolf
33%
1993-1995 Independent show 2 Stupid Dogs
32%
1982-1983 Segment of The Scooby & Scrappy-Doo/Puppy Hour Scrappy and Yabba-Doo
32%
1971-1972 Independent show The Funky Phantom
32%
1982-1983 Segment of The Pac-Man/Little Rascals/Richie Rich Show The Little Rascals
32%
1983-1984 Segment of The Monchhichis/Little Rascals/Richie Rich Show The Little Rascals
32%
1967-1970 Independent show Fantastic Four
31%
1977-1979 Segment of Scooby's All-Star Laff-A-Lympics Laff-A-Lympics
31%
1971-1972 Independent show Help!... It's the Hair Bear Bunch!
30%
1960-1961 Segment of The Huckleberry Hound Show Hokey Wolf
30%
1969-1971 Segment of Cattanooga Cats Cattanooga Cats
29%
1993-1994 Independent show Droopy, Master Detective
29%
1997-1999 Segment of Cow and Chicken I Am Weasel
29%
1997-2000 Independent show I Am Weasel
29%
1959-1961 Segment of The Quick Draw McGraw Show Snooper and Blabber
29%
1965-1968 Segment of The Atom Ant/Secret Squirrel Show Squiddly Diddly
29%
1967-1968 Independent show The Herculoids
29%
1981-1982 Segment of Space Stars The Herculoids
29%
1983-1984 Segment of The Pac-Man/Rubik, the Amazing Cube Hour Rubik, the Amazing Cube
28%
1973 First version, independent show The Addams Family
28%
1992-1993 Second version, independent show The Addams Family
28%
1967-1969 Segment of Birdman and the Galaxy Trio The Galaxy Trio
28%
1965-1968 Segment of The Atom Ant/Secret Squirrel Show The Hillbilly Bears
28%
1978 Independent show Go Go Globetrotters
27%
1970-1971 Independent show Harlem Globetrotters
27%
1973-1974 Independent show Inch High, Private Eye
27%
1963-1967 Segment of The Magilla Gorilla Show Ricochet Rabbit & Droop-a-Long
27%
1972 Independent show The Amazing Chan and the Chan Clan
27%
1962-1963 Segment of The Hanna-Barbera New Carton Series Touché Turtle and Dum Dum
27%
1983-1984 Segment of The Monchhichis/Little Rascals/Richie Rich Show Monchhichis
26%
1963-1967 Segment of The Magilla Gorilla Show Punkin' Puss & Mushmouse
26%
1973-1975 Independent show Jeannie
25%
1962-1963 Segment of The Hanna-Barbera New Carton Series Lippy the Lion and Hardy Har Har
25%
1973-1975 Independent show Goober and the Ghost Chasers
24%
1969-1971 Segment of Cattanooga Cats Motormouse and Autocat
24%
1965-1968 Segment of The Atom Ant/Secret Squirrel Show Precious Pupp
24%
1975-1978 Segment of The New Tom & Jerry/Grape Ape/Mumbly Show The Great Grape Ape Show
24%
1971-1972 Independent show The Pebbles and Bamm-Bamm Show
24%
1973 Independent show Butch Cassidy and the Sundance Kids
23%
1966-1967 Independent show Laurel and Hardy
23%
1987 Independent show Popeye and Son
23%
1978-1983 Segment of The All New Popeye Hour Popeye's Treasure Hunt
23%
1981-1983 Segment of The All New Popeye Hour Prehistoric Popeye
23%
1978-1983 Segment of The All New Popeye Hour The Adventures of Popeye
23%
1979 Independent show The New Fred and Barney Show
23%
1979 Segment of Fred and Barney Meet the Thing The New Fred and Barney Show
23%
1979-1980 Segment of Fred and Barney Meet the Shmoo The New Fred and Barney Show
23%
1981-1983 Segment of The All New Popeye Hour The Popeye Sports Parade
23%
1968-1970 Segment of The Banana Splits Adventure Hour The Three Musketeers
23%
1965-1968 Segment of The Atom Ant/Secret Squirrel Show Winsome Witch
23%
1964-1966 Segment of The Peter Potamus Show Breezly and Sneezly
22%
1968-1970 Live-action, segment of The Banana Splits Adventure Hour Danger Island
22%
1978-1981 Segment of The Godzilla Power Hour Godzilla
22%
1982-1983 Segment of Mork & Mindy/Laverne & Shirley/Fonz Hour Laverne & Shirley with Special Guest Star the Fonz
22%
1967-1969 Independent show Shazzan
22%
1979 Independent show The New Shmoo
22%
1979-1980 Segment of Fred and Barney Meet the Shmoo The New Shmoo
22%
1972 Independent show The Roman Holidays
22%
1967-1969 Segment of Moby Dick and Mighty Mightor Moby Dick
21%
1967-1968 Independent show The Abbott and Costello Cartoon Show
21%
1979 Segment of Fred and Barney Meet the Thing The Thing
21%
1964-1966 Segment of The Peter Potamus Show Yippee, Yappee and Yahooey
21%
1981-1982 Segment of Space Stars Astro and the Space Mutts
20%
1977-1978 Segment of CB Bears CB Bears
20%
1972 Independent show Sealab 2020
20%
1966-1967 Independent show The Space Kidettes
20%
1972-1974 Independent show Wait Till Your Father Gets Home
20%
1976-1977 Independent show Clue Club
19%
1974-1975 Independent show Partridge Family 2200 A.D.
19%
1965-1966 Independent show Sinbad Jr. and his Magic Belt
19%
1968-1970 Segment of The Banana Splits Adventure Hour Arabian Knights
18%
1986-1988 Segment of The Flinstones Kids Captain Caveman and Son
18%
1978-1979 Segment of Yogi's Space Race Galaxy Goof-Ups
18%
1981-1982 Segment of The Kwicky Koala Show Kwicky Koala
18%
1981-1982 Independent show Laverne & Shirley in the Army
18%
1967-1969 Segment of Moby Dick and Mighty Mightor Mightor
18%
1982-1983 Segment of Mork & Mindy/Laverne & Shirley/Fonz Hour Mork & Mindy
18%
1981-1982 Segment of Space Stars Space Stars Finale
18%
1983 Independent show The Dukes
18%
1985-1986 Independent show Paw Paws
17%
1968-1969 Independent show The Adventures of Gulliver
17%
1982-1983 Segment of The Scooby & Scrappy-Doo/Puppy Hour The Puppy's New Adventures
17%
1977-1978 Segment of The All-New Super Friends Hour The Wonder Twins
17%
1970 Independent show Where's Huddles?
17%
1969-1971 Segment of Cattanooga Cats Around the World in 79 Days
16%
1984-1985 Independent show Challenge of the GoBots
16%
1984-1985 Independent show Pink Panther and Sons
16%
1967-1968 Independent show Samson & Goliath
16%
1983-1984 Independent show The Biskitts
16%
1978-1979 Segment of Yogi's Space Race The Buford Files
16%
1978-1979 Segment of Yogi's Space Race The Galloping Ghost
16%
1991 Independent show Yo Yogi!
16%
1979-1980 Independent show Casper and the Angels
15%
1974 Independent show Devlin
15%
1980-1984 Independent show Hanna-Barbera's World of Super Adventure
15%
1968-1970 Segment of The Banana Splits Adventure Hour Micro Ventures
15%
1986-1987 Independent show Pound Puppies
15%
1981-1983 Segment of The All New Popeye Hour Private Olive Oyl
15%
1982-1984 Independent show Shirt Tales
15%
1990-1994 Segment of Tom & Jerry Kids Spike and Tyke
15%
1985-1994 Independent show The Funtastic World of Hanna-Barbera
15%
1978 Independent show The Hanna-Barbera Happy Hour
15%
1977-1978 Segment of CB Bears Heyyy, It's the King!
14%
1978-1981 Segment of The Godzilla Power Hour Jana of the Jungle
14%
1983 Independent show Lucky Luke
14%
1969-1971 Segment of Dastardly and Muttley in Their Flying Machines Magnificent Muttley
14%
1985-1987 Independent show The Berenstain Bears
14%
1997-1999 Segment of Dexter's Laboratory The Justice Friends
14%
1979 Independent show The Super Globetrotters
14%
1981-1982 Independent show Trollkins
14%
1974-1975 Independent show Wheelie and the Chopper Bunch
14%
1996 Independent show Cave Kids
13%
1978-1981 Segment of The All New Popeye Hour Dinky Dog
13%
1980-1982 Independent show Drak Pack
13%
1974-1976 Independent show Korg: 70,000 B.C.
13%
1980-1981 Independent show The Fonz and the Happy Days Gang
13%
1976-1977 Segment of The New Tom & Jerry/Grape Ape/Mumbly Show The Mumbly Cartoon Show
13%
1993-1996 Independent show The New Adventures of Captain Planet
13%
1991-1993 Independent show The Pirates of Dark Water
13%
1974-1975 Independent show These Are the Days
13%
1967 Independent show The World: Color It Happy
13%
1974-1976 Independent show Valley of the Dinosaurs
13%
1969-1971 Segment of Dastardly and Muttley in Their Flying Machines Wing Dings
13%
1977-1978 Segment of CB Bears Blast-Off Buzzard
12%
1994 Second version, segment of Tom & Jerry Kids Blast-Off Buzzard
12%
1997-1999 Segment of Dexter's Laboratory Dial "M" for Monkey
12%
1995-1996 Independent show Dumb and Dumber
12%
1977-1978 Independent show Fred Flintstone and Friends
12%
1990 Independent show Gravedale High
12%
1979 Independent show Sergeant T.K. Yu
12%
1993-1995 Independent show SWAT Kats: The Radical Squadron
12%
1988-1989 Independent show The Completely Mental Misadventures of Ed Grimley
12%
1986-1987 Independent show The New Adventures of Jonny Quest
12%
1977-1978 Segment of The Skatebirds The Robonic Stooges
12%
1977-1978 Segment of CB Bears Undercover Elephant
12%
1966 Independent show We'll Take Manhattan
12%
1979 Independent show America vs. the World
11%
1990 Independent show Bill & Ted's Excellent Adventures
11%
1992 Independent show Fish Police
11%
1981-1989 Segment of The Smurfs Johan and Peewit
11%
1981-1982 Segment of Space Stars Teen Force
11%
1980 Independent show The B.B. Beegle Show
11%
1982 Independent show Jokebook
10%
1977-1978 Segment of CB Bears Shake, Rattle and Roll
10%
1990-1991 Independent show The Adventures of Don Coyote and Sancho Panda
10%
1981-1982 Segment of The Kwicky Koala Show The Bungle Brothers
10%
1982-1983 Independent show The Gary Coleman Show
10%
1985-1986 Independent show The Super Powers Team: Galactic Guardians
10%
1986 Independent show Wildfire
10%
1981-1982 Segment of The Kwicky Koala Show Crazy Claws
9%
1971 Independent show Duffy's Dozen
9%
1985-1986 Independent show Galtar and the Golden Lance
9%
1993-1994 Segment of Droopy, Master Detective Screwball Squirrel
9%
1986-1987 Independent show Teen Wolf
9%
1989-1990 Independent show The Further Adventures of SuperTed
9%
1995-1997 Independent show What a Cartoon!
9%
1981-1982 Segment of The Kwicky Koala Show Dirty Dawg
8%
1990-1994 Segment of Tom & Jerry Kids Droopy and Dripple
8%
1986-1988 Independent show Foofur
8%
1977-1978 Live-action, segment of The Skatebirds Mystery Island
8%
1989-1990 Independent show Paddington Bear
8%
1977-1978 Segment of CB Bears Posse Impossible
8%
1976 Independent show Taggart's Treasure
8%
1977-1978 Segment of The Skatebirds Woofer & Wimper, Dog Detectives
8%
1983 Independent show Benji, Zax & the Alien Prince
7%
1984 Independent show Going Bananas
7%
1987 Independent show Sky Commanders
7%
1977 Independent show The Beach Girls
7%
1978 Independent show The Funny World of Fred and Bunni
7%
1991-1992 Independent show Young Robin Hood
7%
1985-1987 Independent show CBS Storybreak
6%
1989-1991 Independent show Dink the Little Dinosaur
6%
1988-1990 Independent show Fantastic Max
6%
1990-1991 Independent show Fender Bender 500
5%
1990 Independent show Midnight Patrol: Adventures in the Dream Zone
5%
1992 Independent show Capitol Critters
4%
1990-1991 Independent show Monster Tails
4%
1988 Independent show Skedaddle
3%
1977-1978 Segment of The Skatebirds Wonder Wheels
3%
1990-1991 Independent show Basement Tech
1%
No matching quizzes found
Score Distribution
Percent of People with Each Score
Percentile by Number Answered
Your Score History
You have not taken this quiz